Score 0/24 Timer 05:00
3 Plays Today
Clue _ _ W _ _ % Correct
Cowboy's greetinghowdy
92.5%
Not so manyfewer
91.7%
Beach accessorytowel
90.4%
Rapunzel's prisontower
90%
Lowest value chess piecespawns
87.6%
Underground waste conduitsewer
86.8%
Crouch down in fearcower
84.8%
Someone from Des MoinesIowan
82.3%
Strength or authoritypower
80%
Mr. Bean portrayer AtkinsonRowan
79.2%
'Y', sometimesvowel
76.9%
Crocodile Hunter SteveIrwin
76.8%
Clue _ _ W _ _ % Correct
Slang for New Zealanderskiwis
76.4%
English entertainer who sang 'Space Oddity'Bowie
71.6%
Bride's gift to the husbanddowry
71.3%
Egyptian President SadatAnwar
68.6%
Narnia's creatorLewis
64.7%
Wooden pegdowel
64.5%
Gemstonejewel
61.6%
Weeps or cries noisilybawls
58.2%
Rambunctious and boisterousrowdy
56%
'Desert Fox' RommelErwin
52.8%
One of the intestinal divisionsbowel
52.4%
NBA teamHawks
35.1%
Remove Ads.
Support Sporcle.
Get the best of Sporcle when you Go Orange. This ad-free experience offers more features, more stats, and more fun while also helping to support Sporcle. Thank you for becoming a member.

You're not logged in!

Compare scores with friends on all Sporcle quizzes.
OR
Log In

Show Comments

Extras

Top Quizzes Today


Score Distribution

Your Account Isn't Verified!

In order to create a playlist on Sporcle, you need to verify the email address you used during registration. Go to your Sporcle Settings to finish the process.

Report this User

Report this user for behavior that violates our Community Guidelines.

Details: